000 00669nam a22001817a 4500
005 20260401143548.0
008 260226b |||||||| |||| 00| 0 eng d
020 _a978-178135395-0
050 _aLC 226.2 .R63 2021
_b1
100 _aROBBINS , JUSTINE
245 _aTHE FOUR PILLERS PARENTAL ENGAGEMENT : EMPOWERING SCHOOLS TO CONNECT BETTER WITH PARENTS AND PUPILS
260 _aBRITISH.
_bINDIPENDENT THINKING PRESS.
_c2021.
300 _aXIV , 155P: ILL
500 _aINCLUIDES BIBLIOGRAPHY
650 _aTHE FOUR PILLERS OF PARENTAL ENGAUGEMENT: EMPOWERING SCHOOLS TO CONNECT BETTER WITH PARENTS AND PUPILS
700 _aDEMPSTER, KAREN
942 _2lcc
_cBK
999 _c216716
_d216716